| 000 | 00473nam a22001337a 4500 | ||
|---|---|---|---|
| 999 |
_c129974 _d129974 |
||
| 008 | 191112b ||||| |||| 00| 0 eng d | ||
| 050 |
_aPR9369.3.G6 _bT46 |
||
| 245 |
_aTutu as i know him _bon a personal note _cCompiled and edited by Lavinia Crawford-Browne |
||
| 260 |
_aSouth Africa _brandom House _c2010 |
||
| 300 |
_a224p. ; _c23cm. |
||
| 600 |
_aGordimer, Nadine _948517 |
||
| 650 |
_aWomen authors _xBiography _y20th Century _zSouth Africa _948518 |
||
| 942 |
_2lcc _cMONOGRAPH |
||